<?xml version="1.0" encoding="UTF-8"?>
<record
    xmlns:xsi="http://www.w3.org/2001/XMLSchema-instance"
    xsi:schemaLocation="http://www.loc.gov/MARC21/slim http://www.loc.gov/standards/marcxml/schema/MARC21slim.xsd"
    xmlns="http://www.loc.gov/MARC21/slim">

  <leader>00586nam a22001697a 4500</leader>
  <controlfield tag="003">CEME</controlfield>
  <controlfield tag="005">20210628204130.0</controlfield>
  <controlfield tag="008">210106b        xxu||||| |||| 00| 0 eng d</controlfield>
  <datafield tag="020" ind1=" " ind2=" ">
    <subfield code="a">9783642197291</subfield>
  </datafield>
  <datafield tag="040" ind1=" " ind2=" ">
    <subfield code="c">ceme</subfield>
  </datafield>
  <datafield tag="082" ind1=" " ind2=" ">
    <subfield code="a">629.892 INF</subfield>
  </datafield>
  <datafield tag="100" ind1=" " ind2=" ">
    <subfield code="a">Cetto, Juan Andrade, Filipe, Joaquim, Ferrier, Jean-Louis</subfield>
    <subfield code="9">68867</subfield>
  </datafield>
  <datafield tag="245" ind1=" " ind2=" ">
    <subfield code="a">Informatics in control automation and robotics, revised and selected papers from the international conference on informatics in control automation and robotics 2009</subfield>
  </datafield>
  <datafield tag="260" ind1=" " ind2=" ">
    <subfield code="a">INDIA</subfield>
    <subfield code="b">SPRINGER</subfield>
    <subfield code="c">2009</subfield>
  </datafield>
  <datafield tag="300" ind1=" " ind2=" ">
    <subfield code="a">XIII, 352P</subfield>
  </datafield>
  <datafield tag="942" ind1=" " ind2=" ">
    <subfield code="c">BK</subfield>
    <subfield code="2">ddc</subfield>
  </datafield>
  <datafield tag="999" ind1=" " ind2=" ">
    <subfield code="c">576323</subfield>
    <subfield code="d">576323</subfield>
  </datafield>
  <datafield tag="952" ind1=" " ind2=" ">
    <subfield code="0">0</subfield>
    <subfield code="1">0</subfield>
    <subfield code="4">0</subfield>
    <subfield code="7">0</subfield>
    <subfield code="a">CEME</subfield>
    <subfield code="b">CEME</subfield>
    <subfield code="c">GEN</subfield>
    <subfield code="d">2017-08-02</subfield>
    <subfield code="l">0</subfield>
    <subfield code="o">629.892 INF</subfield>
    <subfield code="p">CEME-46511</subfield>
    <subfield code="r">2021-06-28</subfield>
    <subfield code="w">2021-06-28</subfield>
    <subfield code="y">BK</subfield>
  </datafield>
</record>
